Discursos leídos ante la Academia de la Historia, (Record no. 170944)

MARC details
000 -LEADER
campo de control de longitud fija 01424nam a2200181 i 4500
001 - NÚMERO DE CONTROL
campo de control 170944
003 - IDENTIFICADOR DE NÚMERO DE CONTROL
campo de control ES-MaACL
005 - FECHA Y HORA DE LA ÚLTIMA TRANSACCIÓN
campo de control 20230906214514.0
008 - DATOS DE LONGITUD FIJA--INFORMACIÓN GENERAL
campo de control de longitud fija 090417s19091918sp |||| | spa d
080 ## - NÚMERO DE LA CLASIFICACIÓN DECIMAL UNIVERSAL
Número de la Clasificación Decimal Universal 94(460)
110 2# - ENTRADA PRINCIPAL--NOMBRE DE ENTIDAD CORPORATIVA
Nombre de entidad corporativa o nombre de jurisdicción como elemento de entrada Real Academia de la Historia (España)
9 (RLIN) 6309
245 10 - MENCIÓN DEL TÍTULO
Título Discursos leídos ante la Academia de la Historia,
Fechas extremas/inclusivas 1909-1918 /
Mención de responsabilidad, etc. Real Academia de la Historia.
260 ## - PUBLICACIÓN, DISTRIBUCIÓN, ETC.
Lugar de publicación, distribución, etc. Madrid :
Nombre del editor, distribuidor, etc. [s.n.],
Fecha de publicación, distribución, etc. 1909 (
Fabricante Tip. de Fortanet)
300 ## - DESCRIPCIÓN FÍSICA
Extensión 1 v. ;
Dimensiones 25 cm.
505 8# - NOTA DE CONTENIDO CON FORMATO
Nota de contenido con formato Contiene: El alto Jalón: descubrimientos arqueológicos / Enrique de Aguilera y Gamboa, Marqués de Cerralbo (180 p. con il.). El carácter científico de la Historia / Gumersindo de Azcárate (73 p.). Contestación / Rafael Ureña y Smenjaud (p. 75-87). Los Mendoza del siglo XV y el Castillo del Real de Manzanares / Vicente Lampérez y Romea (86 p. + 13 h. de lám.). Contestación / José Ramón Mélida (p.87-101). Los cronistas valencianos; Necrología de D. Vicente Vignau y Ballester / Vicente Castañeda y Alcover (256 p.). Discurso / Julio Puyol y Alonso (p. 257-266). Alfonso X, emperador (electo) de Alemania / Antonio Ballesteros y Beretta (83 p.). Contestación / Adolfo Bonilla y San Martín (p. 85-96).
545 ## - DATOS BIOGRÁFICOS O HISTÓRICOS
Datos biográficos o históricos El discurso de Vicente Lampérez y Romea tiene ded. autógrafa al Ateneo de Madrid.
852 ## - LOCALIZACIÓN
Ubicación ES-MaACL
Número de control de estantería K-133
Nota libre - Enc. pasta española
-- - Dedicatoria autógrafa de Vicente Lámperez y Romea
Holdings
Estatus retirado Estado de pérdida Estado de daño No para préstamo Biblioteca de origen Biblioteca actual Ubicación en estantería Fecha de adquisición Total de préstamos Signatura topográfica completa Código de barras Visto por última vez Precio de reemplazo Tipo de ítem Koha
        Biblioteca del Ateneo de Madrid Biblioteca del Ateneo de Madrid Administración 17/04/2009   K-133 1179406 23/02/2023 23/02/2023 Libro impreso